Countries Never Visited by a US President (Outside Africa) - Statistics

General Stats
  • This quiz has been taken 504 times
    5 since last reset
  • The average score is 17 of 20
Answer Stats
Population Country % Correct
2,935,011 Armenia
100%
10,443,770 Azerbaijan
100%
21,037,076 Kazakhstan
100%
7,379,546 Kyrgyzstan
100%
29,620,578 Nepal
100%
10,911,102 Papua New Guinea
100%
10,940,498 Tajikistan
100%
7,713,738 Turkmenistan
100%
37,591,650 Uzbekistan
100%
42,724,171 Yemen
100%
12,715,712 Bolivia
80%
11,592,353 Dominican Republic
80%
1,432,989 East Timor
80%
18,413,717 Ecuador
80%
5,887,375 Lebanon
80%
2,967,016 Moldova
80%
7,078,958 Paraguay
80%
1,379,995 Cyprus
60%
936,198 Fiji
60%
23,324,738 Sri Lanka
60%
No matching quizzes found
Score Distribution
Percent of People with Each Score
Percentile by Number Answered
Your Score History
You have not taken this quiz since the last reset